| 000 | 00438nam a22001457a 4500 | ||
|---|---|---|---|
| 008 | 221103b |||||||| |||| 00| 0 eng d | ||
| 040 |
_aNational Science Library _cNational Science Library |
||
| 080 |
_a543:541.66](02.2) _bL2 |
||
| 245 |
_aThermal analysis: _bComparative studies on materials |
||
| 260 |
_aNew York: _bJohn Willey & Sons, _c1974 |
||
| 300 | _a326p. | ||
| 650 | _aScience | ||
| 700 | _aKambe, H (Ed.) | ||
| 942 |
_2udc _cBK |
||
| 999 |
_c27615 _d27615 |
||